000 00392nam a2200145Ia 4500
008 220217s9999||||xx |||||||||||||| ||und||
020 _a81-203-0850-6
082 _a621.382 ROD
100 _aRoden, Martin, S
_93461
245 0 _aAnalog digital communication systems
250 _a3rd
260 _aPrentice hall of india
_bNew Delhi
_c2002
300 _b195
650 _aELECTRONICS
999 _c171968
_d171968